[Event "Catalunya-chT GpB final"]
[Site "Barcelona"]
[Date "2015.04.18"]
[Round "11.2"]
[White "Soler Rionegro, Andres"]
[Black "Valencia Jimenez, Jose"]
[Result "0-1"]
[WhiteElo "1946"]
[BlackElo "2035"]
[PlyCount "64"]
[EventDate "2015.03.14"]
[EventType "team-tourn"]
[EventRounds "11"]
[EventCountry "ESP"]
[SourceTitle "EXT 2016"]
[Source "ChessBase"]
[SourceDate "2015.10.08"]
[SourceVersion "1"]
[SourceVersionDate "2015.10.08"]
[SourceQuality "1"]
[WhiteTeam "Montcada"]
[BlackTeam "Cerdanyola Valles"]
[WhiteTeamCountry "ESP"]
[BlackTeamCountry "ESP"]

1. e4 c5 2. d3 Nc6 3. g3 g6 4. Bg2 Bg7 5. c3 e6 6. Be3 d6 7. Nf3 Nge7 8. Qd2 0-0 9. Bh6 d5 10. Bxg7 Kxg7 11. 0-0 f5 12. exd5 exd5 13. d4 f4 14. Na3 c4 15. Nc2 Qd6 16. Rae1 Bf5 17. Ne5 g5 18. g4 Bg6 19. Nxg6 Nxg6 20. Bf3 Nh4 21. Bd1 Qg6 22. f3 h5 23. h3 hxg4 24. hxg4 b5 25. Nb4 Nxb4 26. cxb4 Rae8 27. Qf2 Qd3 28. Bc2 Qxf3 29. Rxe8 Qxg4+ 30. Kh1 Rxe8 31. Bd1 Qh3+ 32. Kg1 Re3 0-1

[Event "Catalunya-chT Gp1"]
[Site "Barcelona"]
[Date "2015.02.28"]
[Round "6.3"]
[White "Gallart Zafra, Jaume"]
[Black "Soler Rionegro, Andres"]
[Result "1-0"]
[WhiteElo "2231"]
[BlackElo "1946"]
[PlyCount "99"]
[EventDate "2015.01.24"]
[EventType "team-tourn"]
[EventRounds "7"]
[EventCountry "ESP"]
[SourceTitle "EXT 2016"]
[Source "ChessBase"]
[SourceDate "2015.10.08"]
[SourceVersion "1"]
[SourceVersionDate "2015.10.08"]
[SourceQuality "1"]
[WhiteTeam "Tres Peons"]
[BlackTeam "Montcada"]
[WhiteTeamCountry "ESP"]
[BlackTeamCountry "ESP"]

1. e4 c5 2. Nf3 Nc6 3. d4 cxd4 4. Nxd4 g6 5. Nc3 Bg7 6. Be3 Nf6 7. Be2 d6 8. 0-0 0-0 9. Kh1 Bd7 10. Nb3 a6 11. f4 h6 12. Qe1 Nb4 13. Qd2 Kh7 14. Rad1 Nc6 15. Bf3 Bg4 16. Qe2 Bxf3 17. Qxf3 Qc8 18. h3 Ng8 19. Nd5 Rb8 20. Nb6 Qc7 21. c3 Nf6 22. Rfe1 e6 23. Nd2 Ne7 24. c4 Nd7 25. Nxd7 Qxd7 26. b3 Nc6 27. Nf1 Qe7 28. Qf2 Rbd8 29. e5 Rfe8 30. exd6 Qd7 31. Ng3 e5 32. f5 Nd4 33. f6 Bf8 34. Bxd4 exd4 35. Rxe8 Qxe8 36. c5 Qe5 37. b4 b6 38. Rc1 h5 39. Nf1 Bh6 40. Re1 Qd5 41. Qf3 Qxa2 42. Re7 bxc5 43. bxc5 Bf8 44. Qd3 Qd5 45. Ne3 Qxc5 46. Rxf7+ Kh6 47. Nc4 Bxd6 48. Nxd6 Rxd6 49. Qd2+ Qg5 50. Rh7+ 1-0